00991nam a22002417a 450000100040000000500170000402000250002102000220004604000570006805000240012508200150014910000170016424500450018125000330022626000350025930000410029449000500033550500080038552002830039352100200067652100200069665000330071674520230926135830.0 a9781408303788 (pbk.) a1408303787 (pbk.) aUKMbengcUKMdBTCAdSINLBdYDXCPdOCLCQdOCLCOdDLC00aMLCS 2012/42649 (P)04a823.922221 aBlade, Adam.10aRashouk the Cave Troll /cby Adam Blade. aFirst printing, October 2011 aNew York :bScholastic,c2009. a78 pages :billustrations ;c20 cm. 0 aBeast quest. The Amulet of Avantia ;vBook 21 aS  a"Lurking in the Dead Peaks is Rashouk the Cave Troll. The Ghost Beast smells out his victims' fear -- and turns them to stone. It will take all of Tom's courage to capture Rashouk's piece of the Amulet of Avantia, but failure means never seeing his father again..."--Back cover. a770 bLexile  aS bRaz-Plus  aMysteries vGenre-adventure